| 000 | 00775nam a22002177a 4500 | ||
|---|---|---|---|
| 999 |
_c13875 _d13875 |
||
| 003 | AR-CdUCM | ||
| 008 | 190416b ||||| |||| 00| 0 spa d | ||
| 040 |
_aMUNICIPALIDAD PROVINCIAL DEL CUSCO _cBIBLIOTECA MUNICIPAL DEL CUSCO |
||
| 082 |
_aC / 985.612 / _bY84 |
||
| 100 |
_aYepez Miranda, Alfredo _94230 |
||
| 245 | _aGrandeza de Machupicchu / | ||
| 260 |
_aCuzco : _bH. G. Rozas, _c1968. |
||
| 300 |
_a19 páginas ; _c21.5 cm. |
||
| 505 | _aContenido: Importancia histórica del Cuzco -- Significado de Machupicchu -- Gloria de Machupicchu. | ||
| 650 |
_aMachupicchu _91751 |
||
| 650 |
_aSantuario histórico _930390 |
||
| 650 |
_aCusco _9772 |
||
| 710 |
_aCentro de estudios cuzqueñistas "Inca Garcilaso" _932475 |
||
| 942 |
_2ddc _cFOLLETOS |
||
| 945 |
_aacv _d2019-04-16 |
||